<?xml version="1.0" encoding="UTF-8"?>
<record
    xmlns:xsi="http://www.w3.org/2001/XMLSchema-instance"
    xsi:schemaLocation="http://www.loc.gov/MARC21/slim http://www.loc.gov/standards/marcxml/schema/MARC21slim.xsd"
    xmlns="http://www.loc.gov/MARC21/slim">

  <leader>00813nam a22002297a 4500</leader>
  <controlfield tag="005">20220401132315.0</controlfield>
  <controlfield tag="008">220331b           ||||| |||| 00| 0 eng d</controlfield>
  <datafield tag="020" ind1=" " ind2=" ">
    <subfield code="a">9789352865611</subfield>
  </datafield>
  <datafield tag="040" ind1=" " ind2=" ">
    <subfield code="c">AIMIT LIBRARY</subfield>
  </datafield>
  <datafield tag="082" ind1=" " ind2=" ">
    <subfield code="2">17</subfield>
    <subfield code="a">658.8 </subfield>
    <subfield code="b">KOTP</subfield>
  </datafield>
  <datafield tag="100" ind1=" " ind2=" ">
    <subfield code="a">Kotler, Philip.</subfield>
    <subfield code="9">26979</subfield>
  </datafield>
  <datafield tag="245" ind1=" " ind2=" ">
    <subfield code="a">Principles of marketing /</subfield>
    <subfield code="c">By Philip Kotler, Gary Armstrong and Prafulla Y Agnihotri.</subfield>
  </datafield>
  <datafield tag="250" ind1=" " ind2=" ">
    <subfield code="a">17th ed.</subfield>
  </datafield>
  <datafield tag="260" ind1=" " ind2=" ">
    <subfield code="a">Noida :</subfield>
    <subfield code="b">Pearson India Education Services ;</subfield>
    <subfield code="c">2018.</subfield>
  </datafield>
  <datafield tag="300" ind1=" " ind2=" ">
    <subfield code="a">xxii, 701p.;</subfield>
    <subfield code="c">27 cm.</subfield>
  </datafield>
  <datafield tag="650" ind1=" " ind2=" ">
    <subfield code="a">Defining marketing and the marketing process</subfield>
    <subfield code="9">27051</subfield>
  </datafield>
  <datafield tag="650" ind1=" " ind2=" ">
    <subfield code="a">Understanding the marketplace and consumer value</subfield>
    <subfield code="9">27052</subfield>
  </datafield>
  <datafield tag="650" ind1=" " ind2=" ">
    <subfield code="a">Extending marketing</subfield>
    <subfield code="9">27053</subfield>
  </datafield>
  <datafield tag="700" ind1=" " ind2=" ">
    <subfield code="a">Armstrong, Gary.</subfield>
    <subfield code="9">26980</subfield>
  </datafield>
  <datafield tag="700" ind1=" " ind2=" ">
    <subfield code="a">Agnihotri, Prafulla Y.</subfield>
    <subfield code="9">26981</subfield>
  </datafield>
  <datafield tag="942" ind1=" " ind2=" ">
    <subfield code="2">ddc</subfield>
    <subfield code="c">BK</subfield>
    <subfield code="e">17th</subfield>
    <subfield code="k">658.8 KOTP</subfield>
  </datafield>
  <datafield tag="999" ind1=" " ind2=" ">
    <subfield code="c">222119</subfield>
    <subfield code="d">222119</subfield>
  </datafield>
  <datafield tag="952" ind1=" " ind2=" ">
    <subfield code="0">0</subfield>
    <subfield code="1">0</subfield>
    <subfield code="2">ddc</subfield>
    <subfield code="4">0</subfield>
    <subfield code="7">0</subfield>
    <subfield code="8">MBA</subfield>
    <subfield code="a">AIMIT</subfield>
    <subfield code="b">AIMIT</subfield>
    <subfield code="d">2022-03-24</subfield>
    <subfield code="e">Biblios Book Point</subfield>
    <subfield code="g">970.00</subfield>
    <subfield code="i">Bill no:6628; Bill dt:2022-3-23</subfield>
    <subfield code="l">20</subfield>
    <subfield code="o">658.8 KOTP</subfield>
    <subfield code="p">MBA14417</subfield>
    <subfield code="r">2025-11-24 12:11:31</subfield>
    <subfield code="s">2025-11-11</subfield>
    <subfield code="v">776.00</subfield>
    <subfield code="w">2022-03-31</subfield>
    <subfield code="y">BK</subfield>
  </datafield>
  <datafield tag="952" ind1=" " ind2=" ">
    <subfield code="0">0</subfield>
    <subfield code="1">0</subfield>
    <subfield code="2">ddc</subfield>
    <subfield code="4">0</subfield>
    <subfield code="7">0</subfield>
    <subfield code="8">MBA</subfield>
    <subfield code="a">AIMIT</subfield>
    <subfield code="b">AIMIT</subfield>
    <subfield code="d">2022-03-24</subfield>
    <subfield code="e">Biblios Book Point</subfield>
    <subfield code="g">970.00</subfield>
    <subfield code="i">Bill no:6628; Bill dt:2022-3-23</subfield>
    <subfield code="l">21</subfield>
    <subfield code="o">658.8 KOTP</subfield>
    <subfield code="p">MBA14418</subfield>
    <subfield code="r">2025-11-28 09:00:50</subfield>
    <subfield code="s">2025-11-12</subfield>
    <subfield code="v">776.00</subfield>
    <subfield code="w">2022-03-31</subfield>
    <subfield code="y">BK</subfield>
  </datafield>
  <datafield tag="952" ind1=" " ind2=" ">
    <subfield code="0">0</subfield>
    <subfield code="1">0</subfield>
    <subfield code="2">ddc</subfield>
    <subfield code="4">0</subfield>
    <subfield code="7">0</subfield>
    <subfield code="8">MBA</subfield>
    <subfield code="a">AIMIT</subfield>
    <subfield code="b">AIMIT</subfield>
    <subfield code="d">2022-03-24</subfield>
    <subfield code="e">Biblios Book Point</subfield>
    <subfield code="g">970.00</subfield>
    <subfield code="i">Bill no:6628; Bill dt:2022-3-23</subfield>
    <subfield code="l">18</subfield>
    <subfield code="o">658.8 KOTP</subfield>
    <subfield code="p">MBA14419</subfield>
    <subfield code="r">2025-11-17 12:37:35</subfield>
    <subfield code="s">2025-11-06</subfield>
    <subfield code="v">776.00</subfield>
    <subfield code="w">2022-03-31</subfield>
    <subfield code="y">BK</subfield>
  </datafield>
  <datafield tag="952" ind1=" " ind2=" ">
    <subfield code="0">0</subfield>
    <subfield code="1">0</subfield>
    <subfield code="2">ddc</subfield>
    <subfield code="4">0</subfield>
    <subfield code="7">0</subfield>
    <subfield code="8">MBA</subfield>
    <subfield code="a">AIMIT</subfield>
    <subfield code="b">AIMIT</subfield>
    <subfield code="d">2022-03-24</subfield>
    <subfield code="e">Biblios Book Point</subfield>
    <subfield code="g">970.00</subfield>
    <subfield code="i">Bill no:6628; Bill dt:2022-3-23</subfield>
    <subfield code="l">24</subfield>
    <subfield code="o">658.8 KOTP</subfield>
    <subfield code="p">MBA14420</subfield>
    <subfield code="r">2025-11-17 12:36:28</subfield>
    <subfield code="s">2025-11-04</subfield>
    <subfield code="v">776.00</subfield>
    <subfield code="w">2022-03-31</subfield>
    <subfield code="y">BK</subfield>
  </datafield>
  <datafield tag="952" ind1=" " ind2=" ">
    <subfield code="0">0</subfield>
    <subfield code="1">0</subfield>
    <subfield code="2">ddc</subfield>
    <subfield code="4">0</subfield>
    <subfield code="7">0</subfield>
    <subfield code="8">MBA</subfield>
    <subfield code="a">AIMIT</subfield>
    <subfield code="b">AIMIT</subfield>
    <subfield code="d">2022-03-24</subfield>
    <subfield code="e">Biblios Book Point</subfield>
    <subfield code="g">970.00</subfield>
    <subfield code="i">Bill no:6628; Bill dt:2022-3-23</subfield>
    <subfield code="l">24</subfield>
    <subfield code="o">658.8 KOTP</subfield>
    <subfield code="p">MBA14421</subfield>
    <subfield code="r">2026-04-13 12:05:22</subfield>
    <subfield code="s">2026-04-01</subfield>
    <subfield code="v">776.00</subfield>
    <subfield code="w">2022-03-31</subfield>
    <subfield code="y">BK</subfield>
  </datafield>
  <datafield tag="952" ind1=" " ind2=" ">
    <subfield code="0">0</subfield>
    <subfield code="1">0</subfield>
    <subfield code="2">ddc</subfield>
    <subfield code="4">0</subfield>
    <subfield code="7">0</subfield>
    <subfield code="8">MBA</subfield>
    <subfield code="a">AIMIT</subfield>
    <subfield code="b">AIMIT</subfield>
    <subfield code="d">2022-03-24</subfield>
    <subfield code="e">Biblios Book Point</subfield>
    <subfield code="g">970.00</subfield>
    <subfield code="i">Bill no:6628; Bill dt:2022-3-23</subfield>
    <subfield code="l">20</subfield>
    <subfield code="o">658.8 KOTP</subfield>
    <subfield code="p">MBA14422</subfield>
    <subfield code="r">2025-11-17 12:36:41</subfield>
    <subfield code="s">2025-11-15</subfield>
    <subfield code="v">776.00</subfield>
    <subfield code="w">2022-03-31</subfield>
    <subfield code="y">BK</subfield>
  </datafield>
  <datafield tag="952" ind1=" " ind2=" ">
    <subfield code="0">0</subfield>
    <subfield code="1">0</subfield>
    <subfield code="2">ddc</subfield>
    <subfield code="4">0</subfield>
    <subfield code="7">0</subfield>
    <subfield code="8">MBA</subfield>
    <subfield code="a">AIMIT</subfield>
    <subfield code="b">AIMIT</subfield>
    <subfield code="d">2022-03-24</subfield>
    <subfield code="e">Biblios Book Point</subfield>
    <subfield code="g">970.00</subfield>
    <subfield code="i">Bill no:6628; Bill dt:2022-3-23</subfield>
    <subfield code="l">17</subfield>
    <subfield code="o">658.8 KOTP</subfield>
    <subfield code="p">MBA14423</subfield>
    <subfield code="r">2026-04-22 12:10:55</subfield>
    <subfield code="s">2026-04-13</subfield>
    <subfield code="v">776.00</subfield>
    <subfield code="w">2022-03-31</subfield>
    <subfield code="y">BK</subfield>
  </datafield>
  <datafield tag="952" ind1=" " ind2=" ">
    <subfield code="0">0</subfield>
    <subfield code="1">0</subfield>
    <subfield code="2">ddc</subfield>
    <subfield code="4">0</subfield>
    <subfield code="7">0</subfield>
    <subfield code="8">MBA</subfield>
    <subfield code="a">AIMIT</subfield>
    <subfield code="b">AIMIT</subfield>
    <subfield code="d">2022-03-24</subfield>
    <subfield code="e">Biblios Book Point</subfield>
    <subfield code="g">970.00</subfield>
    <subfield code="i">Bill no:6628; Bill dt:2022-3-23</subfield>
    <subfield code="l">23</subfield>
    <subfield code="o">658.8 KOTP</subfield>
    <subfield code="p">MBA14424</subfield>
    <subfield code="r">2025-11-17 12:37:22</subfield>
    <subfield code="s">2025-11-15</subfield>
    <subfield code="v">776.00</subfield>
    <subfield code="w">2022-03-31</subfield>
    <subfield code="y">BK</subfield>
  </datafield>
  <datafield tag="952" ind1=" " ind2=" ">
    <subfield code="0">0</subfield>
    <subfield code="1">0</subfield>
    <subfield code="2">ddc</subfield>
    <subfield code="4">0</subfield>
    <subfield code="7">0</subfield>
    <subfield code="8">MBA</subfield>
    <subfield code="a">AIMIT</subfield>
    <subfield code="b">AIMIT</subfield>
    <subfield code="d">2022-03-24</subfield>
    <subfield code="e">Biblios Book Point</subfield>
    <subfield code="g">970.00</subfield>
    <subfield code="i">Bill no:6628; Bill dt:2022-3-23</subfield>
    <subfield code="l">26</subfield>
    <subfield code="o">658.8 KOTP</subfield>
    <subfield code="p">MBA14425</subfield>
    <subfield code="r">2025-11-17 12:39:52</subfield>
    <subfield code="s">2025-11-06</subfield>
    <subfield code="v">776.00</subfield>
    <subfield code="w">2022-03-31</subfield>
    <subfield code="y">BK</subfield>
  </datafield>
  <datafield tag="952" ind1=" " ind2=" ">
    <subfield code="0">0</subfield>
    <subfield code="1">0</subfield>
    <subfield code="2">ddc</subfield>
    <subfield code="4">0</subfield>
    <subfield code="7">3</subfield>
    <subfield code="8">MBA</subfield>
    <subfield code="a">AIMIT</subfield>
    <subfield code="b">AIMIT</subfield>
    <subfield code="d">2022-03-24</subfield>
    <subfield code="e">Biblios Book Point</subfield>
    <subfield code="g">970.00</subfield>
    <subfield code="i">Bill no:6628; Bill dt:2022-3-23</subfield>
    <subfield code="l">0</subfield>
    <subfield code="o">658.8 KOTP</subfield>
    <subfield code="p">MBA14426</subfield>
    <subfield code="r">2025-07-21 00:00:00</subfield>
    <subfield code="v">776.00</subfield>
    <subfield code="w">2022-03-31</subfield>
    <subfield code="y">BK</subfield>
  </datafield>
  <datafield tag="952" ind1=" " ind2=" ">
    <subfield code="0">0</subfield>
    <subfield code="1">0</subfield>
    <subfield code="2">ddc</subfield>
    <subfield code="4">0</subfield>
    <subfield code="7">0</subfield>
    <subfield code="8">MBA</subfield>
    <subfield code="a">AIMIT</subfield>
    <subfield code="b">AIMIT</subfield>
    <subfield code="d">2023-02-20</subfield>
    <subfield code="e">Biblios Book Point</subfield>
    <subfield code="g">1015.00</subfield>
    <subfield code="i">Bill no:7894; Bill dt:2023-02-15</subfield>
    <subfield code="l">18</subfield>
    <subfield code="o">658.8  KOTP</subfield>
    <subfield code="p">MBA14498</subfield>
    <subfield code="r">2025-11-17 12:39:38</subfield>
    <subfield code="s">2025-11-13</subfield>
    <subfield code="v">812.00</subfield>
    <subfield code="w">2023-02-22</subfield>
    <subfield code="y">BK</subfield>
  </datafield>
  <datafield tag="952" ind1=" " ind2=" ">
    <subfield code="0">0</subfield>
    <subfield code="1">0</subfield>
    <subfield code="2">ddc</subfield>
    <subfield code="4">0</subfield>
    <subfield code="7">0</subfield>
    <subfield code="8">MBA</subfield>
    <subfield code="a">AIMIT</subfield>
    <subfield code="b">AIMIT</subfield>
    <subfield code="d">2023-02-20</subfield>
    <subfield code="e">Biblios Book Point</subfield>
    <subfield code="g">1015.00</subfield>
    <subfield code="i">Bill no:7894; Bill dt:2023-02-15</subfield>
    <subfield code="l">13</subfield>
    <subfield code="o">658.8  KOTP</subfield>
    <subfield code="p">MBA14499</subfield>
    <subfield code="r">2025-11-26 12:17:23</subfield>
    <subfield code="s">2025-11-12</subfield>
    <subfield code="v">812.00</subfield>
    <subfield code="w">2023-02-22</subfield>
    <subfield code="y">BK</subfield>
  </datafield>
</record>
